Loading...
Personal investment planning /
| Main Author: | |
|---|---|
| Format: | Printed Book |
| Language: | English |
| Published: |
Hyderabad:
Management Education Service,
1978.
|
| LEADER | 00436nam a2200121Ia 4500 | ||
|---|---|---|---|
| 008 | 150624b xxu||||| |||| 00| 0 eng d | ||
| 082 | |a 332.67 | ||
| 100 | |a Yasaswy, N. J. | ||
| 245 | |a Personal investment planning / |c N. J. Yasaswy | ||
| 260 | |a Hyderabad: |b Management Education Service, |c 1978. | ||
| 942 | |c BK | ||
| 999 | |c 61972 |d 61972 | ||
| 952 | |0 0 |1 0 |2 ddc |4 0 |6 332_670000000000000_YAS_P |7 0 |9 61949 |a UL |b UL |c ST2 |d 2012-10-27 |o 332.67 YAS/P |p G1003 |r 2012-10-27 |y BK | ||